000 00491cam a2200181 4500
001 D5978
008 090401t1983 xxu||||| |||| 00| 0 eng d
035 _a(Sirsi) u79280
041 _aeng
050 _a690.3
110 _aThe Institution of Structural Engineers
_92568
245 _aInspection of building structures during construction
260 _aLondon
_bThe Institution of Structural Engineers
_c1983
300 _a20p. 30cm
350 _a12
942 _n0
948 _c04/03/1997
999 _c96517
_d96517